ROŚLINY - Statystyki

Ogólne statystyki
  • Ten quiz został rozwiązany 5 razy
    3 od ostatniego zresetowania
  • Średni wynik to 19 z 137
Statystyki odpowiedzi
Hint Odpowiedź % Poprawnych
której dostępność spada w zimę a
67%
gdzie jest czlon naczynia i cewka | gdzie wystepuje drewno
67%
co pozwala na ochrone przed nadmie--rna utrata wody: pokryte kutykulą
67%
gromadzi gazy ulatwia unoszenie sie na wodzie aerenchyma
33%
wytwory epidermy aparaty szparkowe
33%
celuloza
33%
dwie zywe tkanki okrywajace | miejsce wystepowania | zabezpiecza przed utrata wody u ok--ryto zalazkowych epiderma
33%
fellogen
33%
co robi miazga (jaki przyrost pędu na...) grubosc
33%
wydzielanie kropel wodnych gutacja
33%
dwie gamety identycznemorfologicznie izogamia
33%
w co przekształca się uszkodzona tkanka miękiszowa kalus
33%
miejsce wystepowania | z czego sie sklada korek
33%
martwa tkanka okrywajaca i z czegosie sklada korkowica
33%
korzen
33%
od... korzeni
33%
korzenie
33%
powlekaja sciany bez wnikania w celuloze | zabezpiecza przed utrata wody i wnikaniem patogenów kutyna
33%
czym sa wysycone sciany komorekczlonow naczyn i sklerenchymy (ryzoderma) | usztywnia sciane i zapewnia adhezje lignina
33%
lisc
33%
kłącze to modyfikacja... łodygi
33%
czlony naczyn martwe czy zywe | z czego zbudowany korek: komórki... martwe
33%
inna nazwa na stożek wzrostu merystem wierzchołkowy
33%
martwa tkanka drewna (wzmacniajace) naczynia
33%
do roztworu o... niższym
33%
dwie różne, nieruchliwa jajowaz plemnikiem oogamia
33%
cebula to modyfikacja... pędu
33%
pierwotny czy wtorny pierwotny
33%
zywa tkanka łyka(wzmacniajce) rurki
33%
ryzoderma
33%
z czego zbudowana jest zdrewniałaowocnia sklereidy
33%
inaczej skorka
33%
co zawsze wystepuje w scianachkorkowicy | usztywnia sciane i zapobiega wnikaniuwody do komorek suberyna
33%
stan w którym roślina nie może pobierać wody z otoczenia, mimo iż woda tam występuje. susza fizjologiczna
33%
czy pasemka Casparyego zawierajasuberyne i lignine tak
33%
parowanie wody z nadziemnych częscirośliny transpiracja
33%
dotyczy przepływu wody przez ściany komórkowe ksylemu transport apoplastyczny
33%
stan napięcia ściany komórkowej wskutek działania ciśnienia hydrostatycznego wewnątrz danej komórki turgor
33%
utrata turgoru w komórkach budujących organy roślinne więdnięcie
33%
co zwieksza powierzchnie chlonnakorzenia włośniki
33%
i tym samym do utraty... | o duzej zawartosci... wody
33%
Woda przepływa z roztworu o ... potencjale wyższym
33%
ploidalność bielma w okrytozalązkowej 3n
0%
dwie rożne zupelnie anizogamia
0%
w wyniku czego powstaje bielmo wtórne
0%
gdzie wystepuje budowa wtorna korzeni nagozalazkowych
0%
budowa wtorna lodyg nagozalazkowych
0%
cewki
0%
dlatego zawiera chloroplasty
0%
co pozwala na wydajne wchłanianiewody cienkie
0%
ich funkcja to zapobieganie... cofaniu się wody
0%
komorka merystematyczna ...komorkom tkanek stalych daje poczatek
0%
z... drewna
0%
drewno łyko
0%
co definiuje ze roslina jest roznozaro-dnikowa dwa rodzaje zarodni
0%
dwa rodzaje zarodników
0%
feloderma
0%
w... gore pędu
0%
budowa: ... celulozowe ... grube ściany
0%
merystemy wtorne i co wytwarzaja kambium
0%
magazynuje substancje odz. imocuje rosline w podlozu kłącze
0%
kolce
0%
komorka ktora podczas rozwojuzalazka przechodzi mejoze komorka macierzystamikrospor
0%
a druga zapładnia komórkę centralną
0%
Podwójne zapłodnienie polega na tym,że jedna z komórek plemnikowych zapładnia... komórkę jajową
0%
komorki sitowe
0%
korkowicę
0%
do... kory pierwotnej
0%
organy generatywne kwiaty
0%
odpowiednik wakuoli litycznych lizosomy
0%
organy wegetatywne lodyga korzen
0%
łupiny nasienne
0%
makrosporangia
0%
sklerenchyma twardzica -II- martwa wzmacniajaca
0%
inny merystem pierwotny merystem interkalarny
0%
zywa tkanka drewna miękisz drzewny
0%
mikrosporangia
0%
młode organy rośliny
0%
dwie rodnie, jedna oslonka zarodka,wieloliscieniowosc, liście w postaci igieł, nieosłonięty wcale zalążek nagozalążkowa
0%
gdzie wystepuje ogonki liściowe
0%
do... okolicznych tkanek
0%
dwie osłonki, dwa liścienie, nasionaznajdujące się wewnatrz owoców okrytozalążkowa
0%
do innych... organów rośliny
0%
i nazywają się one... organy przetrwalnikowe
0%
owoce
0%
wypieranie wody przez korzenie dołodyg i liści parcie korzeniowe
0%
powoduje wzrost ... i ... na ... pędu korzenia dlugosc
0%
do czego sluza jamki pionowy transport wody
0%
jak rozpoznac lyko: w ścianach mają... pola sitowe
0%
pokolenie haploidalne wytwarza mitotyczne gamety ktore kopuluja dajac zygote posrednia
0%
mejoza zachodzi bezposrednio po zaplodnieniu np haplonty i rosliny postgamiczna
0%
jakie korzenie bedzie mial epifitycznystorczyk powietrzne
0%
... powleczone ... powleczone suberyna
0%
oba te transporty są transportami...(pionowymi/poziomymi) poziomymi
0%
poziomy transport wody
0%
mejoza zachodzi przed zaplodnieniemnp u czlowieka pregamiczna
0%
rurka sitowa przewodzi... produkty fotosyntezy
0%
co umozliwiaja: łączą... protoplasty
0%
dzięki czemu możliwa jest wymiana gazowa miedzy wnetrzem organu a srodowiskiem przetchlinki
0%
Gametofit jest... samożywny
0%
co pozwala na niewnikanie drobno--ustrojow: komórki ... do siebie ... scisle przylegaja
0%
sila wiazaca wode w glebie sila ssaca
0%
sklerenchyma
0%
co wystepuje tylko w budowie pierowtnejkorzenia skorka kora pierwotna
0%
z... solami mineralnymi
0%
gdzie sa merystemy pierwotne w roslinie stożki wzrostu łodygi
0%
Roślina zrzuca liście by nie do--puścić do... transpiracji
0%
umożliwiają... transport asymilatów
0%
dotyczy przepływu wody przez wnętrze komórek ksylemu (protoplasty) transport symplastyczny
0%
gdzie wystepuje łyko u okrytozalążkowych
0%
wchłania wodę deszczową lubzawartą w powietrzu welomen
0%
jak zredukowany okwiat i długiecienkie nitki pręcików to roślina... wiatropylna
0%
wyplywanie soku roslinnego przeznaciecia lodygi wiosenny płacz roślin
0%
Łyko przewodzi asymilaty wytworzone... w liściach
0%
przewodzące tkanki drewna włókna drzewne
0%
martwa tkanka łyka (przewodząca) włókna łykowe
0%
włoski
0%
czlon naczynia przewodzi... wodę
0%
wzrost... wydłużeniowy
0%
wypełnione powietrzem
0%
w wyniku czego powstaje zarodek
0%
gdzie wystepuje zdrewniałe owocnie
0%
budowa: grube, sztywne ... zdrewniałe ściany
0%
w których postaci... zimują
0%
forma przetrwalnikowa zygospory
0%
kolenchyma zwarcica zywa czy martwai co to za tkanka zywa wzmacniajaca
0%
Nie znaleziono quizów pasujących do podanych kryteriów
Rozkład punktacji
Procent ludzi z każdym wynikiem
Percentyl według liczby udzielonych odpowiedzi
Twoja historia wyników
Nie rozwiązałeś tego quizu od ostatniego zresetowania